[Event "Titled Tuesday intern op 06th Feb Early"]
[Site "Chess.com INT"]
[Date "2024.02.06"]
[Round "1"]
[White "Lerch, Johannes"]
[Black "Zhalmakhanov, Ramazan"]
[Result "0-1"]
[WhiteElo "2264"]
[BlackElo "2480"]
[PlyCount "136"]
[EventDate "2024.02.06"]
[EventType "swiss (blitz)"]
[EventRounds "11"]
[EventCountry "USA"]
[SourceTitle "CB07_2024"]
[SourceDate "2024.02.14"]
[SourceVersion "1"]
[SourceVersionDate "2024.02.14"]
[SourceQuality "1"]

1. e4 c5 2. Nf3 d6 3. Bb5+ Nd7 4. Be2 Ngf6 5. d3 e6 6. 0-0 Be7 7. c4 0-0 8. Nc3 Ne5 9. Ne1 Nc6 10. f4 a6 11. g4 b5 12. cxb5 axb5 13. Nxb5 Qb6 14. Nc3 c4+ 15. Kh1 cxd3 16. Nxd3 Bb7 17. g5 Nd7 18. Bd2 Na5 19. Be1 Nc4 20. Bf2 Qa5 21. b4 Qa3 22. Nb5 Qa6 23. Nc7 Qc6 24. Nxa8 Qxe4+ 25. Bf3 Qxf3+ 26. Qxf3 Bxf3+ 27. Kg1 Rxa8 28. a4 Be2 29. a5 Bxd3 30. Rfd1 Be4 31. a6 Bc6 32. a7 d5 33. h4 Bb5 34. h5 Kf8 35. Bd4 f6 36. h6 gxh6 37. gxh6 Kf7 38. Kf2 e5 39. fxe5 fxe5 40. Bc3 Ke6 41. Rg1 Nf6 42. Kg2 d4 43. Be1 Nd5 44. Kh3 Nf4+ 45. Kh2 Bf6 46. Bg3 Ne2 47. Rg2 Ne3 48. Rf2 Ng4+ 49. Kg2 Nxf2 50. Bxf2 Nc3 51. Kf3 Bc6+ 52. Kg3 Ne4+ 53. Kf3 Nd6+ 54. Ke2 Nb5 55. Ra6 Kd6 56. Rb6 Rxa7 57. Rb8 Ra2+ 58. Ke1 Nc3 59. Bg3 Ra1+ 60. Kd2 Ne4+ 61. Kc2 Nxg3 62. b5 Be4+ 63. Kb2 Rb1+ 64. Ka2 Ne2 65. b6 Nc3+ 66. Ka3 Be7 67. Rc8 Ke6+ 68. Rc5 Bxc5# 0-1

[Event "AUT-ch Rapid"]
[Site "Graz"]
[Date "2023.06.10"]
[Round "8"]
[White "Freitag, Manfred"]
[Black "Lerch, Johannes"]
[Result "1-0"]
[WhiteElo "2349"]
[BlackElo "2299"]
[PlyCount "63"]
[EventDate "2023.06.10"]
[EventType "swiss (rapid)"]
[EventRounds "9"]
[EventCountry "AUT"]
[SourceTitle "CBM 214 Extra"]
[Source "ChessBase"]
[SourceDate "2023.07.31"]
[SourceVersion "1"]
[SourceVersionDate "2023.07.31"]
[SourceQuality "1"]

1. e4 e5 2. Nf3 Nc6 3. Bb5 a6 4. Ba4 Nf6 5. 0-0 d6 6. Re1 Bd7 7. c3 Ne7 8. d4 Ng6 9. Nbd2 b5 10. Bb3 h6 11. Nf1 Be7 12. Ng3 0-0 13. Nf5 Re8 14. Nxe7+ Qxe7 15. c4 exd4 16. Nxd4 c5 17. Nc2 b4 18. f3 a5 19. Ne3 Ne5 20. Ba4 Nc6 21. Bxc6 Bxc6 22. Nf5 Qe6 23. Qxd6 Rad8 24. Qxc5 Nd7 25. Qxa5 Qxc4 26. Be3 Ra8 27. Qc7 Qe6 28. Nd4 Qg6 29. Qxc6 Nf6 30. Nf5 Rac8 31. Qxc8 Rxc8 32. Ne7+ 1-0

[Event "AUT-ch Rapid"]
[Site "Graz"]
[Date "2023.06.10"]
[Round "2"]
[White "Lerch, Johannes"]
[Black "Baidetsky, Valentin"]
[Result "0-1"]
[WhiteElo "2299"]
[BlackElo "2492"]
[PlyCount "68"]
[EventDate "2023.06.10"]
[EventType "swiss (rapid)"]
[EventRounds "9"]
[EventCountry "AUT"]
[SourceTitle "CBM 214 Extra"]
[Source "ChessBase"]
[SourceDate "2023.07.31"]
[SourceVersion "1"]
[SourceVersionDate "2023.07.31"]
[SourceQuality "1"]

1. e4 d6 2. d4 Nf6 3. Nc3 e5 4. dxe5 dxe5 5. Qxd8+ Kxd8 6. Bc4 Bb4 7. f3 Bxc3+ 8. bxc3 Be6 9. Bxe6 fxe6 10. Nh3 Nc6 11. Ng5 Re8 12. Ba3 Kc8 13. Ke2 b6 14. Rhd1 Kb7 15. Rd3 Na5 16. Rad1 Nc4 17. Bc1 a5 18. h4 a4 19. a3 Kc6 20. g4 h5 21. gxh5 Nxh5 22. Rd7 Nd6 23. Rf7 Nxf7 24. Nxf7 Kb7 25. Bg5 Ra5 26. c4 Rc5 27. Kd3 Nf4+ 28. Bxf4 exf4 29. Rg1 Re7 30. Rxg7 Rd7+ 31. Kc3 b5 32. Kb4 Kb6 33. cxb5 Rd4+ 34. c4 Rdxc4# 0-1

[Event "AUT-ch Rapid"]
[Site "Graz"]
[Date "2023.06.10"]
[Round "5"]
[White "Lerch, Johannes"]
[Black "Wohlfahrt, Herbert J"]
[Result "0-1"]
[WhiteElo "2299"]
[BlackElo "2329"]
[PlyCount "80"]
[EventDate "2023.06.10"]
[EventType "swiss (rapid)"]
[EventRounds "9"]
[EventCountry "AUT"]
[SourceTitle "CBM 214 Extra"]
[Source "ChessBase"]
[SourceDate "2023.07.31"]
[SourceVersion "1"]
[SourceVersionDate "2023.07.31"]
[SourceQuality "1"]

1. e4 d6 2. d4 Nd7 3. Nf3 e5 4. Nc3 Ngf6 5. Bc4 Be7 6. 0-0 0-0 7. Re1 a6 8. a4 b6 9. dxe5 Nxe5 10. Nxe5 dxe5 11. Bg5 Bb7 12. Bxf6 Bxf6 13. Qf3 c6 14. Red1 Qe7 15. Bb3 Rad8 16. Qe3 Qc7 17. Ne2 Rxd1+ 18. Rxd1 Rd8 19. Rd3 Rxd3 20. Qxd3 Qd8 21. Bc4 Qxd3 22. Bxd3 Kf8 23. c3 Ke7 24. f3 b5 25. axb5 cxb5 26. b4 Bg5 27. Kf2 Bd2 28. g3 Bc8 29. Bc2 Be6 30. Bd3 f6 31. Kg2 Kd6 32. h3 Kc6 33. f4 Bb3 34. Kf2 Bd1 35. fxe5 fxe5 36. c4 Bxb4 37. cxb5+ axb5 38. Nc1 Bd2 39. Na2 Kc5 40. Be2 Bb3 0-1

[Event "AUT-ch"]
[Site "Vienna"]
[Date "2022.08.15"]
[Round "4"]
[White "Dotzer, Lukas"]
[Black "Lerch, Johannes"]
[Result "1/2-1/2"]
[WhiteElo "2083"]
[BlackElo "2242"]
[PlyCount "114"]
[EventDate "2022.08.12"]
[EventType "swiss"]
[EventRounds "9"]
[EventCountry "AUT"]
[SourceTitle "CBM 209 Extra"]
[Source "ChessBase"]
[SourceDate "2022.09.30"]
[SourceVersion "1"]
[SourceVersionDate "2022.09.30"]
[SourceQuality "1"]

1. e4 e5 2. Nf3 Nc6 3. d4 exd4 4. Nxd4 Nf6 5. Nxc6 bxc6 6. e5 Qe7 7. Qe2 Nd5 8. c4 Nb6 9. Nd2 d6 10. exd6 Qxe2+ 11. Bxe2 cxd6 12. 0-0 Be6 13. b3 Be7 14. Bb2 0-0 15. f4 Rad8 16. f5 Bc8 17. f6 Bxf6 18. Bxf6 gxf6 19. Rxf6 Be6 20. Ne4 Nd7 21. Rh6 Kg7 22. Rh5 d5 23. cxd5 cxd5 24. Ng5 h6 25. Nf3 Nf6 26. Re5 Ng4 27. Rxe6 fxe6 28. Nd4 Nf6 29. Nxe6+ Kf7 30. Nxd8+ Rxd8 31. Kf2 Rc8 32. Bd3 Ng4+ 33. Kf3 Ne5+ 34. Ke3 Ke6 35. Kd2 Nxd3 36. Kxd3 Rf8 37. Re1+ Kd6 38. Re2 a5 39. g3 Rf1 40. Rg2 Ke5 41. Re2+ Kd6 42. Ke3 Ke5 43. Rc2 Ra1 44. Rg2 Rc1 45. h4 h5 46. g4 hxg4 47. Rxg4 Rc3+ 48. Kd2 Rh3 49. Rg5+ Kd4 50. Rg4+ Ke5 51. Ra4 d4 52. Rxa5+ Ke4 53. Rg5 Rh2+ 54. Kd1 Rxa2 55. Rg4+ Kd5 56. Rg5+ Ke4 57. Rg4+ Kd5 1/2-1/2

[Event "AUT-ch U16"]
[Site "St Veit"]
[Date "2022.04.13"]
[Round "6"]
[White "Lerch, Johannes"]
[Black "Borrmann, Laurenz"]
[Result "1/2-1/2"]
[WhiteElo "2211"]
[BlackElo "2300"]
[PlyCount "53"]
[EventDate "2022.04.10"]
[EventType "swiss"]
[EventRounds "7"]
[EventCountry "AUT"]
[SourceTitle "EXT 2023"]
[Source "ChessBase"]
[SourceDate "2022.10.05"]
[SourceVersion "1"]
[SourceVersionDate "2022.10.05"]
[SourceQuality "1"]

1. e4 c6 2. Nf3 d5 3. d3 dxe4 4. dxe4 Qxd1+ 5. Kxd1 Nf6 6. Nfd2 h5 7. f3 g5 8. a4 h4 9. Nc3 g4 10. f4 Nh5 11. Ne2 Nd7 12. e5 Nc5 13. b4 Ne6 14. Nc4 Neg7 15. Ne3 Be6 16. Ke1 Rg8 17. g3 Nf5 18. Kf2 h3 19. c3 f6 20. Nd4 Nxd4 21. cxd4 Rd8 22. f5 Bc8 23. e6 Rxd4 24. Nc2 Rd5 25. Ne3 Rd4 26. Nc2 Rd5 27. Ne3 1/2-1/2

[Event "Rosenheim Millennium"]
[Site "Rosenheim"]
[Date "2022.03.25"]
[Round "3"]
[White "Huber, Benedikt"]
[Black "Lerch, Johannes"]
[Result "1-0"]
[WhiteElo "2190"]
[BlackElo "2233"]
[PlyCount "77"]
[EventDate "2022.03.23"]
[EventType "tourn"]
[EventRounds "9"]
[EventCountry "GER"]
[EventCategory "3"]
[SourceTitle "CBM 207 Extra"]
[Source "ChessBase"]
[SourceDate "2022.05.31"]
[SourceVersion "1"]
[SourceVersionDate "2022.05.31"]
[SourceQuality "1"]

1. d4 Nf6 2. c4 e6 3. g3 d5 4. Bg2 dxc4 5. Nf3 a6 6. 0-0 Nc6 7. Nbd2 Be7 8. Nxc4 0-0 9. b3 Rb8 10. Bb2 Bd7 11. Rc1 Re8 12. Ne1 b5 13. Nd2 Na5 14. Nd3 b4 15. Nc4 Nxc4 16. bxc4 a5 17. e4 Bc8 18. d5 h6 19. Qf3 a4 20. e5 Nh7 21. Rfd1 exd5 22. cxd5 Bf8 23. Nf4 b3 24. a3 Ba6 25. h4 Bxa3 26. Bxa3 b2 27. Bxb2 Rxb2 28. e6 fxe6 29. dxe6 Qb8 30. Rd7 Nf6 31. Nh5 Nxh5 32. Qxh5 Rxf2 33. Kxf2 Qb2+ 34. Kg1 Qxc1+ 35. Kh2 Rf8 36. e7 Rb8 37. e8Q+ Rxe8 38. Qf7+ Kh8 39. Qxg7# 1-0

[Event "AUT-chT2W 2122"]
[Site "Austria"]
[Date "2022.02.20"]
[Round "5.1"]
[White "Kienboeck, Benjamin"]
[Black "Lerch, Johannes"]
[Result "0-1"]
[WhiteElo "2073"]
[BlackElo "2153"]
[PlyCount "62"]
[EventDate "2021.10.15"]
[EventType "team-tourn"]
[EventRounds "11"]
[EventCountry "AUT"]
[SourceTitle "EXT 2023"]
[Source "ChessBase"]
[SourceDate "2022.10.05"]
[SourceVersion "1"]
[SourceVersionDate "2022.10.05"]
[SourceQuality "1"]
[WhiteTeam "Hohenems II"]
[BlackTeam "Jenbach II"]
[WhiteTeamCountry "AUT"]
[BlackTeamCountry "AUT"]

1. e4 e5 2. Nf3 Nc6 3. Bb5 a6 4. Ba4 Nf6 5. 0-0 d6 6. Re1 Bd7 7. c3 g6 8. d4 Bg7 9. Bxc6 Bxc6 10. dxe5 Nxe4 11. Qc2 dxe5 12. Rxe4 Bxe4 13. Qxe4 Qd1+ 14. Qe1 0-0-0 15. Bd2 Qc2 16. Na3 Qxb2 17. Nc4 Qb5 18. Qf1 Rhe8 19. a4 Qd5 20. Be3 f5 21. Ra2 b5 22. axb5 axb5 23. Ra5 Qxc4 24. Ra8+ Kb7 25. Ra7+ Kb8 26. Qa1 Qd5 27. Nd2 f4 28. Bb6 cxb6 29. Qa6 Rd7 30. Qxb6+ Rb7 31. Rxb7+ Qxb7 0-1